Úloha controllingu pohľadávok

Problematika správy pohľadávok v podniku. Komunikačné väzby úverového manažmentu. Proces riadenia pohľadávok. Riadenie pohľadávok ako dôležitý faktor finančného kontrolingu. Najčastejšie využívané ukazovatele monitoringu pohľadávok: obrátka pohľadávok, doba obratu pohľadávok, vek pohľadávok.

Gespeichert in:
Bibliographische Detailangaben
1. Verfasser: Šebej, Vladimír
Format: Buchkapitel
Sprache:Slowakisch
Schlagworte:
Tags: Tag hinzufügen
Keine Tags, Fügen Sie das erste Tag hinzu!

MARC

LEADER 00000naa$a2200000$$$4500
001 0155184
005 20240502072729.3
041 0 |a slo 
044 |a SK 
245 1 0 |a Úloha controllingu pohľadávok  |c Vladimír Šebej 
520 |a Problematika správy pohľadávok v podniku. Komunikačné väzby úverového manažmentu. Proces riadenia pohľadávok. Riadenie pohľadávok ako dôležitý faktor finančného kontrolingu. Najčastejšie využívané ukazovatele monitoringu pohľadávok: obrátka pohľadávok, doba obratu pohľadávok, vek pohľadávok. 
610 2 0 |a pohľadávky 
610 2 0 |a dlžníci 
610 2 0 |a úver 
610 2 0 |a kontroling finančný 
610 2 0 |a riadenie 
100 1 |a Šebej, Vladimír